banner-ar

تطور الامن الاقليمى الخليجى منذ عام 2003 : (Record no. 59889)

MARC details
000 -الفاتح
حقل البيانات ثابتة الطول 00873nam a22002177a 4500
005 - وقت وتاريخ اخر تعامل مع التسجيلة
رقم الضبط 20240530110341.0
008 - عناصر البيانات ثابتة الطول - معلومات عامة
حقل البيانات ثابتة الطول 141112s2012 le gr 001 0 ara d
020 ## - الرقم الدولى المعيارى للكتب
الرقم الدولى المعيارى للكتاب 9789953824802
040 ## - مصدر الفهرسة
وكالة الفهرسة الأصلية EG-CaGPL
041 0# - رمز اللغة
رمز لغة النص/ المسارات الصوتية أو العنوان الانفرادي ara
082 04 - رقم تصنيف ديوى العشرى
رقم الطبعة 21
رقم التصنيف 327.116\
رقم المادة أ ت
100 0# - المدخل الرئيسى - إسم شخصى
الإسم الشخصى اشرف محمد عبدالحميد كشك
245 10 - بيان العنوان
العنوان تطور الامن الاقليمى الخليجى منذ عام 2003 :
بقية العنوان دراسة فى تاثير استراتيجية حاف الناتو /
بيان المسئوليه,etc أشرف محمد عبدالحميد كشك
250 ## - بيان الطبعة
بيان الطبعة ط1
260 ## - PUBLICATION, DISTRIBUTION, ETC. (IMPRINT)
تاريخ النشر أو التوزيع 2012
300 ## - الوصف المادى
التعداد 384 ص ؛
أبعاد الوعاء 24 سم
490 ## - بيان السلسلة
عنوان السلسلة سلسلة اطروحات الدكتوراه ؛
رقم المجلد/ التعيين التسلسلي 374
650 04 - المدخل الاضافى بالموضوع-مصطلح موضوعى
مصطلح موضوعي النظام الاقليمى الخليجى
650 04 - المدخل الاضافى بالموضوع-مصطلح موضوعى
مصطلح موضوعي حلف شمال الاطلسى
التقسيم الفرعي العام الناتو
942 ## - عناصر المدخل الإضافي( كوها)
مصدر التصنيف او مخطط الترفيف Dewey Decimal Classification
Koha [default] item type كتاب
260 ## - PUBLICATION, DISTRIBUTION, ETC. (IMPRINT)
-- بيروت :
-- مركز دراسات الوحدة العربية ،
Holdings
حالة التراجع حالة الفقد حالة تلف ليس للاعارة المكان المؤقت الموقع الحالى تاريخ الاكتساب اجمالي اﻻعارات رقم الطلب الباركود تاريخ اخر مشاهدة تاريخ تفعيل السعر نوع وعاء كوها
        مكتبة القاهرة الكبرى مكتبة القاهرة الكبرى 11/12/2014   327.116\ أ ت 158849 11/12/2014 11/12/2014 كتاب

Powered By

EGPV